Repas bibliques - QCM - difficulté variable - Statistiques

Statistiques générales
  • Ce quiz a été pris 41 fois
  • Le résultat moyen est 8 sur 15
Statistiques - réponses
Question Réponse % Correct
Lors de la Cène, Jésus désigne le vin comme étant son sang ; quel aliment est désigné comme étant son corps ? Le pain
93%
Qui ordonne à Jésus de changer une pierre en pain ? Le diable, pour le tenter
73%
Abraham et Sarah servent un veau tendre, du lait caillé et des gâteaux faits avec 22 litres de fleur de farine ; à qui est destiné ce repas ? Des inconnus, qui sont en fait des anges
70%
Jésus le fait descendre de son arbre pour aller manger chez lui ; il s'agit de Zachée
70%
Que mangeait Jean le Baptiste ? Des sauterelles et du miel
67%
Lors des noces de Cana, qui invite Jésus à changer l'eau en fin ? Sa mère, Marie
63%
Suite à un repas, Jésus déclare que les aliments ne rendent pas impur. Quel était le reproche que lui avaient fait les pharisiens ? Ne pas s'être lavé les mains avant de manger
53%
Dans quel but Esther invite-t-elle Assuérus et Haman à un banquet ? Pour dénoncer le projet d'extermination des juifs
53%
Captif de Nabuchodonosor, Daniel demande à manger : des légumes et de l'eau
47%
Quelle vision Pierre a-t-il reçue, pour l'inciter à aller manger avec Corneille, incirconcis ? Une nappe portant tous les animaux, reptiles et oiseaux de la Terre, purs et impurs
40%
Lorsque le futur roi David arrive chez le prêtre Achimélec, quelle est la condition pour que ses hommes puissent manger du pain consacré ? Qu'ils n'aient pas eu récemment de relations avec des femmes
33%
Lorsque le roi Saül découvre que son fils Jonathan a mangé du miel, il veut le condamner à mort. Pourquoi ? Parce que Saül avait interdit à ses soldats de manger la moindre nourriture
30%
Lequel de ces animaux peut être mangé, selon la Torah ? La girafe
27%
Lors du repas donné pour célébrer la résurrection de Lazare, quel reproche est fait à Marie, la sœur de Marthe ? Elle gaspille de l'argent
23%
Quel repas Boaz offre-t-il à Ruth après la moisson de l'orge ? Du pain et de la vinaigrette
10%
Aucun quiz correspondant
Distribution des résultats
% des personnes avec chaque résultat
Percentile par nombre de réponses
Votre historique - résultats
Vous n’avez pas pris ce quiz